NFL Week 4 Fantasy Leaders 2024-2025 - Statistics

General Stats
  • This quiz has been taken 162 times
  • The average score is 8 of 20
Answer Stats
Position Points Player % Correct
RB 35.9 Derrick Henry
89%
QB 23.6 Lamar Jackson
81%
RB 23.2 Chase Brown
53%
QB 28.9 Baker Mayfield
50%
QB 25 Jayden Daniels
50%
RB 24.9 Alvin Kamara
47%
RB 33.6 Kenneth Walker
46%
QB 27.2 Jared Goff
43%
WR 23.6 CeeDee Lamb
42%
WR 23.4 Mike Evans
40%
QB 32 Justin Fields
39%
WR 33.1 Nico Collins
39%
WR 23.1 Malik Nabers
37%
QB 23.5 CJ Stroud
35%
QB 31.2 Jordan Love
34%
RB 24 Jordan Mason
33%
RB 29.5 D'Andre Swift
27%
WR 27.1 Jayden Reed
26%
K 24 Nick Folk
13%
WR 24.8 Dontayvion Wicks
8%
No matching quizzes found
Score Distribution
Percent of People with Each Score
Percentile by Number Answered
Your Score History
You have not taken this quiz